000 00822 a2200193 4500
008 080820t xxu||||| |||| 00| 0 eng d
010 _aENG-84836
020 _a8186772189
_c610.00
035 _aEN-68369
037 _bD.B.Act / Pub
082 _a305.40905
245 _aWomen's modernization and development in 20th century
_cedited by Kamlesh Mahajan
260 _aNew Delhi
_bNew Academic Publishers
_c2006
270 _a4760-61, 23, Ansari Road, Daryaganj
_bDelhi
_cDelhi
_e110002
300 _aviii, 233 p. ;
_c22 cm. (Hb)
500 _aIncludes bibliographical references and index
942 _adpl
_cEN
_k305.40905 / WOM
_2ddc
_h305.40905
_mWOM
999 _c533
_d533